000
002920000a22001090004500
100
1
_a
Wonderly, Guillermo
245
1
0
_a
La Biblia me enseñó a evangelizar
300
_a
Vol.44, núm.188 (1989), Páginas 8-9
650
1
4
_a
EVANGELIZACIÓN
773
0
_t
La Biblia en las Américas
942
_c
ANA
999
_c
62864
_d
62864